000 00388 a2200169 4500
001 183017
020 _a85-7164-495-0
040 _cMagnum
100 _aSaramago, José
240 1 0 _aEnsaio sobre a cegueira
_lpor
245 1 0 _aEnsaio sobre a cegueira
300 _a310
362 0 _a1997
440 1 _aCompanhia das Letras
697 _aLITERATURA GERAL ESTRANGEIRA
942 _cBK
999 _c183017
_d183017